000
00347nam a2200145Ia 4500
003
OSt
005
20240217113848.0
008
170523s9999 xx 000 0 und d
020
_a
978-0077091781
040
_c
iimt university meerut
100
_a
DAVIES- DAVID
245
4
_a
THE ART OF MANAGING FIN
260
_b
MC GRAW HILL
942
_2
ddc
_c
02
999
_c
479
_d
479